00418nam a2200181Ia 4500003000400000005001700004008004100021040000700062041000800069082001900077100002500096245004500121250000600166260003800172300001200210365000800222440000600230OSt20230620152834.0210423s1980 xx 000 0 und d cAL aeng a574.87322 LEWB aLEWIN (Benjamin),Ed. aGene expression: eucaryotic chromosomes. a2 aNew YorkbJohn Wiley & Sonsc1980 axv,1160 cINR v2